Joueurs + 400 matchs Ligue 1 - Statistiques

Statistiques générales
  • Ce quiz a été pris 73 fois
  • Le résultat moyen est 11 sur 31
Statistiques - réponses
Matchs Clubs Saisons Nom Poste % Correct
555 OM/Rennes 07-2025 Steve Mandanda Gardien
98%
618 Nantes/PSG/LOSC/Bastia 96-2014 Mickael Landreau Gardien
78%
442 Ajaccio/Rennes/ Losc 2011-... Benjamin André Millieu
59%
513 OL/Toulouse/Nice/Losc/DFCO 02-2020 Florent Balmont Millieu
58%
467 ASSE/OL/PSG 93-2011 Gregory Coupet Gardien
56%
428 Monaco/Asse 07-2020 Stéphane Ruffier Gardien
56%
512 Bastia/RCL/OM/Montpellier 03-2021 Vitorino Hilton Défenseur
56%
401 OL/Nantes 2012-... Anthony Lopes Gardien
55%
492 Nantes/ASSE/LOSC/OM 05-2023 Dimitri Payet Millieu
52%
483 Rennes/OL/Guingamp/Bordeaux 02-2022 Jimmy Briand Attaquant
44%
506 Nantes/PSG/Rennes 00-2017 Sylvain Armand Défenseur
41%
490 Toulouse/Montpellier 04-2021 Daniel Congre Défenseur
39%
407 Caen/Rennes/Bordeaux/Auxerre 07-2023 Benoît Costil Gardien
36%
426 Bordeaux/LOSC 03-2017 Rio Mavuba Millieu
36%
400 Troyes/ASSE/PSG 05-2018 Blaise Matuidi Millieu
34%
425 Lorient/OM/OL/Rennes 06-2022 Jérémy Morel Défenseur
34%
407 Angers/Bordeaux 93-2011 Ulrich Ramé Gardien
30%
460 Rennes/Toulouse/Guingamp 01-2019 Etienne Didot Millieu
25%
407 Sochaux/OM/OL/Auxerre/LOSC/Ajaccio/Nancy 01-2017 Benoît Pedretti Millieu
23%
423 Monaco/Guingamp/Nice/Montpellier 01-2020 Souleymane Camara Attaquant
23%
418 Losc/OL/PSG/ASSE/Nice/Guingamp/Amiens 03-2020 Mathieu Bodmer Millieu
22%
411 Monaco/Bordeaux 01-2019 Jaroslav Plasil Millieu
19%
411 Bastia/VAFC 98-2014 Nicolas Penneteau Gardien
19%
406 LOSC/Auxerre/OM 00-2014 Benoît Cheyrou Millieu
16%
401 OL/Monaco/PSG/Lorient 94-2013 Ludovic Guily Attaquant
16%
426 Rennes/OL 97-2013 Anthony Réveillère Défenseur
14%
407 Auxerre/Bordeaux/Bastia/Nice 92-2008 Lilian Laslandes Attaquant
14%
473 Toulouse/Bordeaux/Rennes/Bastia/OM/GF38/ASSE 93-2012 Laurent Battles Millieu
13%
418 PSG/OM/Guingamp/Lens/Sochaux/Rennes/Evian-Thonon 96-2012 Jérôme Leroy Millieu
9%
413 Nantes/Boulogne 95-2010 Frédéric Da Rocha Millieu
8%
405 Lens/PSG/OM 91-2006 Frédéric Déhu Défenseur
8%
Aucun quiz correspondant
Distribution des résultats
% des personnes avec chaque résultat
Percentile par nombre de réponses
Votre historique - résultats
Vous n’avez pas pris ce quiz